| 000 | 00850nac a22002537a 4500 | ||
|---|---|---|---|
| 001 | BR7904837 | ||
| 003 | BR-BrBNA | ||
| 005 | 20240105114457.0 | ||
| 008 | 230509b bl.|||m| |||| 00| 0 por d | ||
| 040 |
_aBR-BrBNA _bpor _cBiblioteca Nacional de Agricultura |
||
| 072 | _aA00; F00 | ||
| 090 | _a2120 BR7904837 | ||
| 110 | 1 |
_aBiblioteca Nacional de Agricultura, Brasilia, DF (Brasil) _91256 |
|
| 245 | 1 |
_aBibliografias por produtos ou areas de interesse: cafe [Coffea arabica; Bibliografia] _bv. 4 PR/80/001 |
|
| 260 | 3 |
_aBrasilia, DF (Brasil): _c1979. |
|
| 300 | _a50 p. | ||
| 490 |
_aBibliografias por Produtos ou Areas de Interesse. Cafe (Brazil) _vv. 4 _x |
||
| 650 | _aAgricultura | ||
| 650 | _aProducao vegetal | ||
| 650 | _aCafe | ||
| 650 | _aBibliografia | ||
| 909 |
_a202312 _bLúcia Elande _c55 _dLúcia Elande |
||
| 942 |
_2AGRIS _n0 _cMS |
||
| 999 |
_c269579 _d269579 |
||